• 首页
  • 本馆介绍
  • 公告通知
  • 最新文献
  • 馆藏检索
  • 电子资源
  • 读者导购
  • 参考咨询
  • 我的图书馆
  • 登录
  • 详细信息显示
  • 放入我的书架
  • 预约/预借图书
  • 作者相关作品
  • 分类相关作品
  • 丛书相关作品
  • 出版社相关作品

书目信息

  • 表格格式
  • 工作单格式
  • 卡片格式
题名:
水怪
    
 
作者: 马郁文 编著
分册:  
出版信息: 北京   时事出版社  2015
页数: 277页
开本: 24cm
丛书名:
单 册:
中图分类: Q958.8
科图分类:
主题词: 水生动物--shui sheng dong wu--普及读物
电子资源:
ISBN: 978-7-80232-812-9
000 00945nam0 2200277 450
001 012001002194
005 20131110081419.0
010    @a978-7-80232-812-9@dCNY32.00
099    @aCAL 012015015423
100    @a20150210d2015 em y0chiy50 ea
101 0  @achi
102    @aCN@b110000
105    @ay z 000yy
106    @ar
200 1  @a水怪@Ashui guai@d= The monster@e不可思议的神秘动物之谜@f马郁文编著@zeng
210    @a北京@c时事出版社@d2015
215    @a277页@d24cm
300    @a畅销探秘版
330    @a全书共分尼斯湖水怪、喀纳斯湖水怪、天池天怪、奥卡诺根湖水怪、抚仙湖水怪、尚普兰湖水怪、沧龙、鱼龙、蛇颈龙和世界各地水怪目击10个部分。
510 1  @aMonster@zeng
517 1  @a不可思议的神秘动物之谜@Abu ke si yi de shen mi dong wu zhi mi
606 0  @a水生动物@Ashui sheng dong wu@j普及读物
690    @aQ958.8@v5
701  0 @a马郁文@Ama yu wen@4编著
801  0 @aCN@b北京卓展@c20191020
905    @b1199792-5@dQ958.8@e265@f4
    
    水怪= The monster:不可思议的神秘动物之谜/马郁文编著.-北京:时事出版社,2015
    277页;24cm
    畅销探秘版
    
    ISBN 978-7-80232-812-9:CNY32.00
    全书共分尼斯湖水怪、喀纳斯湖水怪、天池天怪、奥卡诺根湖水怪、抚仙湖水怪、尚普兰湖水怪、沧龙、鱼龙、蛇颈龙和世界各地水怪目击10个部分。
●
相关链接 在E读中查询图书 在五车中查询图书 在当当中查询图书 在豆瓣中查询图书


正题名:水怪     索取号:Q958.8/265         预约/预借

序号 登录号 条形码 馆藏地/架位号 状态 备注
1 1199792   211997927   第二样本阅览室/ [索取号:Q958.8/265] 在馆    
2 1199793   211997936   第三借阅区/ [索取号:Q958.8/265] 在馆    
3 1199794   211997945   第三借阅区/ [索取号:Q958.8/265] 在馆    
4 1199795   211997954   第三借阅区/ [索取号:Q958.8/265] 在馆    
唐山师范学院图书馆 欢迎您!
大连网信软件有限公司© 版权所有